000 00779cam a22002291 4500
001 rc 01002505
003 DLC
005 20260227111906.0
008 830211s1835 mx f000 0 spa
010 _arc 01002505
035 _a(OCoLC)9213954
040 _aDLC
_cTxArU
_dDLC
042 _apremarc
050 0 0 _aF389
_b.A45
100 1 _aAlmonte, Juan Nepomuceno,
_d1803-1869.
245 1 0 _aNoticia estadistica sobre Tejas,
_cpor Juan N. Almonte.
260 _aMexico,
_bImpreso por I. Cumplido,
_c1835.
300 _a96, [4] p.
_b3 fold. tab.
_c15 cm.
500 _a"Almonte's official report [as aide] to Santa Anna after extensive travel ... 1834."--C.W. Raines, Bibl. of Texas. Austin, 1896.
651 0 _aTexas
_xDescription and travel.
651 0 _aTexas
_vStatistics.
999 _c52332
_d52332